| 000 | 00000nas##2200000za#4500 |
| 001 | 9.504325 |
| 003 | CaOODSP |
| 005 | 20200325095200 |
| 007 | cr ||||||||||| |
| 008 | 150406c2014||||xxc|| p o||||f| |0fre|d |
| 022 | |a2368-7509 |
| 040 | |aCaOODSP|bfre |
| 043 | |an-cn--- |
| 086 | 1 |aR1-61F-PDF |
| 110 | 1 |aCanada. |bAffaires autochtones et développement du Nord Canada. |
| 245 | 10|aInitiative sur les partenariats stratégiques |h[ressource électronique] |
| 260 | |aOttawa - Ontario : |bAffaires autochtones et Développement du Nord Canada |
| 310 | |aAnnuel |
| 691 | 07|aAutochtones|2gcpds |
| 691 | 07|aDéveloppement économique|2gcpds |
| 691 | 07|aPartenariat communautaire|2gcpds |
| 775 | 08|tThe Strategic Partnerships Initiative |w(CaOODSP)9.507948 |
| 776 | 0#|tThe strategic partnerships initiative report |w(CaOODSP)9.500781 |
| 776 | 0#|tRapport de l'initiative sur les partenariats stratégiques |w(CaOODSP)9.500782 |